000 01397nam a2200253 a 4500
001 vtls003112633
003 MY-SjTCS
005 20200226103534.0
008 110218s2007 mduab b 001 0 eng d
020 _a9780801887123 (hbk.)
020 _a0801887127 (hbk.)
039 9 _a201408251338
_bpatrick
_c201102181733
_dVLOAD
_c200805221448
_dsusan
_c200805160952
_dsusan
_y200805160756
_zradtha
082 0 4 _a616.9362009
_bPAC
100 1 _aPackard, Randall M.,
_d1945-
_929197
245 1 4 _aThe making of a tropical disease :
_ba short history of malaria /
_cRandall M. Packard.
260 _aBaltimore, Md. :
_bJohns Hopkins University Press,
_c2007.
300 _axvii, 296 p. :
_bill., maps ;
_c23 cm.
440 0 _aJohns Hopkins biographies of disease
_929198
504 _aIncludes bibliographical references (p. 257-289) and index.
505 0 _aForeword, by Charles E. Rosenberg. - Preface. - Introduction : Constructing a global narrative. - Ch. 1: Beginnings. - Ch. 2: Malaria moves north. - Ch. 3: A southern disease. - Ch. 4: Tropical development and malaria. - Ch. 5: The making of a vector-borne disease. - Ch. 6: Malaria dreams. - Ch. 7: Malaria realities. - Ch. 8: Rolling back malaria: the future of a tropical disease?. - Conclusion : Ecology and policy. - Acknowledgments. - Notes. - Index.
590 _aCHY4U
650 0 _aMalaria
_xHistory.
_929199
920 _aICPU : 63536
999 _c24300